000 00429 a2200121 4500
001 ART_12456
005 20260410161906.0
008 260409a
245 1 0 _aAn examination of two-step estimators for models with lagged dependent variables and autocorrelated errors
100 1 _aGuilkey, David K.
700 1 _aFomby, Thomas B.
773 0 _tJournal of econometrics
_g- Vol. 22, NÂș 3 (ago. 1983)
_wREV11720
999 _c26385
_d26385